[Event "Giugliano op 5th"]
[Site "Giugliano"]
[Date "2010.09.26"]
[Round "4"]
[White "Della Corte, Alessandro"]
[Black "Fezza, Davide"]
[Result "1-0"]
[WhiteElo "2261"]
[BlackElo "2090"]
[PlyCount "85"]
[EventDate "2010.09.24"]
[EventType "swiss"]
[EventRounds "5"]
[EventCountry "ITA"]
[SourceTitle "EXT 2024"]
[Source "ChessBase"]
[SourceDate "2023.10.10"]
[SourceVersion "1"]
[SourceVersionDate "2023.10.10"]
[SourceQuality "1"]

1. c4 Nf6 2. g3 g6 3. Bg2 Bg7 4. Nc3 d6 5. Nf3 0-0 6. 0-0 e5 7. d3 Nc6 8. Rb1 a5 9. a3 h6 10. b4 axb4 11. axb4 Ne8 12. b5 Ne7 13. Bb2 f5 14. Qb3 Kh8 15. Ra1 Rb8 16. Nd2 g5 17. Ra7 Nf6 18. Rfa1 Qe8 19. Nd5 Nexd5 20. cxd5 Qh5 21. b6 cxb6 22. Ba3 Ne8 23. Nc4 Rf6 24. Qxb6 Bf8 25. Qb2 Qf7 26. Na5 Nc7 27. Rc1 Qd7 28. Nc6 Ra8 29. Nxe5 dxe5 30. Rxc7 Qxc7 31. Rxa8 Bxa3 32. Qxa3 Kg7 33. d6 Qd7 34. Qc5 Rf8 35. Qxe5+ Kg6 36. Qc5 Kf6 37. Bd5 Re8 38. Bc4 Rd8 39. Bb5 Qe6 40. d7 Bxd7 41. Rxd8 Qxe2 42. Rxd7 g4 43. Qd6+ 1-0